[Event "EU-ch 6th"]
[Site "Warsaw"]
[Date "2005.06.30"]
[Round "12"]
[White "Lputian, Smbat G"]
[Black "Baramidze, David"]
[Result "0-1"]
[WhiteElo "2640"]
[BlackElo "2542"]
[Annotator "Dautov,R"]
[PlyCount "102"]
[EventDate "2005.06.18"]
[EventType "swiss"]
[EventRounds "13"]
[EventCountry "POL"]
[SourceTitle "CBM 108"]
[Source "ChessBase"]
[SourceDate "2005.09.26"]
[SourceVersion "1"]
[SourceVersionDate "2005.09.26"]
[SourceQuality "1"]

1. d4 d5 2. c4 e6 3. Nc3 Be7 4. Nf3 Nf6 5. Bf4 O-O 6. e3 c5 7. dxc5 Bxc5 8. a3
Nc6 9. Qc2 Qa5 10. Nd2 Be7 11. Bg3 {Eine populäre Fortsetzung, eine
prophylaktische Maßnahme gegen e6-e5. Nach seiner Niederlage gegen Kaidanov
ist Smbat gerne bereit, die Variante als Weißer zu spielen.} Bd7 ({Ein anderes
Diskussionsthema ist die Variante} 11... Qb6 12. Be2 d4 13. Na4 Qd8 14. O-O Bd6
{, z.B.} 15. Bh4 Qc7 16. Kh1 dxe3 17. fxe3 Ne8 18. Ne4 Be5 19. Ng5 g6 (19... f5
20. Nf3 $16) 20. Nf3 Bg7 21. Nc3 $1 b6 (21... Nd6 22. Nb5 $16) 22. Rad1 Bb7 23.
Nb5 Qc8 24. b4 $16 {Kaidanov,G (2611)-Lputian,S (2634)/Calvia 2004}) 12. Be2
Rfc8 13. O-O Qd8 14. Qd3 $1 {[%mdl 32] Dieser logische Zug ist ein Favorit von
FRITZ. Weiß drückt sofort gegen d5 und möchte den Gegner zum Tausch auf c4
zwingen. M.E. wird stellt der Textzug das gesamte Konzept mit 12...Rfc8, 13...
Qd8 in Frage.} (14. cxd5 exd5 15. Nf3 Be6 16. Rfd1 Nh5 17. Qb3 Na5 18. Qa2 Nxg3
19. hxg3 Bf6 20. Nd4 $11 {Nielsen,P (2585)-Schandorff,L (2518)/Danmark 2001}) (
14. Rad1 Na5 $1 15. cxd5 Nxd5 16. Nde4 Qe8 17. Qd3 Ba4 18. Nxa4 Qxa4 19. Rc1
Qb3 $11 {Lautier,J-Beliavsky,A/Germany 2002}) 14... Be8 (14... dxc4 15. Nxc4
Na5 16. Nd6 Bxd6 17. Qxd6 Nc4 18. Qd4 $14) 15. Rfd1 $1 {Dies ist deutlich
stärker als 15.cxd5.} (15. cxd5 Nxd5 16. Nxd5 exd5 17. Bf3 (17. Nf3 Bf6 18.
Rab1 $14) 17... Bf6 18. Qb3 d4 19. e4 $2 Ne5 20. Bxe5 Bxe5 $11 {Palmisano,
J-Bronstein,L (2380)/Buenos Aires 1994}) 15... d4 {Dies wird von Weiß mit
energischem Spiel widerlegt, aber auch 15...dxc4 versprach Schwarz kein
Erleichterung.} (15... dxc4 16. Qc2 $1 Na5 17. Nxc4 Nd5 18. e4 Nxc4 19. exd5
$16) 16. Nb5 $1 dxe3 17. Qxe3 Qb6 18. Nc7 {Weiß gewinnt ein Qualität.} Bc5 19.
Nxa8 Rxa8 20. Qd3 (20. Qc3 $5 Bd4 21. Qb3 Bxb2 22. Qxb6 axb6 23. Ra2 Bc3 24.
Nb1 $16) 20... Rd8 {Nach der Eröffnungspanne trifft Baramidze die einzig
vernünftige Entscheidung, er beginnt, im Trüben zu fischen - und hat damit
Erfolg!} (20... Qxb2 21. Rdb1 Qd4 22. Nb3 Qxd3 23. Bxd3 $16) 21. Qb1 a5 22. b3
Nd4 23. Bd3 Bc6 24. Kf1 $2 {Mit zwei aufeinander folgenden Fehlern verspielt
Lputian seinen gesamten Vorteil. Er hätte mit 24.Ra2 und b3-b4 seinen
Figurenknoten auf dem Damenflügel auflösen sollen.} (24. Ra2 h6 25. b4 $1 axb4
26. Rb2 b3 27. Nxb3 Bxa3 28. Ra2 Bc5 29. Nxc5 Qxc5 30. Bc7 $16) 24... h6 25.
Qb2 $2 Nf5 26. Bxf5 {Weiß muß bereits seine Mehrqualität zurückgeben.} (26. Qc2
$2 Nxg3+ 27. hxg3 Bxf2 $17) 26... Bd4 27. Qc2 Bxa1 28. Bxe6 $2 {Es war an der
Zeit, die Notbremse zu ziehen und mit 28.Rxa1 Ausgleich anzustreben.} (28. Rxa1
exf5 29. Rd1 Qd4 30. f3 $11) 28... fxe6 {Noch energischer und stärker war 28..
Qd4!} (28... Qd4 $1 29. Bd5 (29. Bf5 Ne4 $17) 29... Nxd5 30. cxd5 Qxd5 $17) 29.
Rxa1 Qd4 30. Ra2 Ne4 31. Nf3 Qd1+ 32. Qxd1 Rxd1+ 33. Ne1 Nxg3+ 34. hxg3 Rb1 {
Das entstandene Endspiel ist sehr unangenehm für Weiß, und Lputian leistet
keinen zähen Widerstand.} 35. b4 $2 (35. Ke2 $1 Rxb3 36. Nf3 Rc3 37. Ne5 Bxg2
38. f3 $44) 35... axb4 36. axb4 Rxb4 37. Rc2 Rxc4 $1 38. f3 Kf7 39. Ke2 Rxc2+
40. Nxc2 e5 $19 41. g4 Ke6 42. Ne3 g6 43. g3 b5 44. Nc2 Kd5 45. Ne3+ Kd4 46. f4
b4 47. f5 Be8 48. Kd2 b3 49. f6 Bf7 50. g5 hxg5 51. Ng4 e4 0-1

[Event "FIDE World Cup final"]
[Site "Hyderabad"]
[Date "2002.10.16"]
[Round "1.2"]
[White "Dreev, Alexey"]
[Black "Short, Nigel D"]
[Result "1/2-1/2"]
[WhiteElo "2673"]
[BlackElo "2684"]
[Annotator "Dautov,R"]
[PlyCount "57"]
[EventDate "2002.10.15"]
[EventType "k.o."]
[EventRounds "3"]
[EventCountry "IND"]
[SourceTitle "CBM 092"]
[Source "ChessBase"]
[SourceDate "2003.02.06"]
[SourceVersion "1"]
[SourceVersionDate "2003.02.06"]
[SourceQuality "1"]

{[%mdl 32768]} 1. d4 Nf6 2. c4 e6 3. Nf3 d5 4. Nc3 Be7 5. Bf4 O-O 6. e3 c5 7.
dxc5 Bxc5 8. cxd5 Nxd5 9. Nxd5 exd5 10. a3 Nc6 11. Bd3 Bb6 12. O-O d4 13. Qc2
$5 {Dreev bleibt seinem Zug treu.} ({Die Hauptfortsetzung ist} 13. e4 Bg4 14.
h3) 13... h6 ({Recht riskant ist für Schwarz} 13... dxe3 $2 14. Bxh7+ Kh8 15.
fxe3 g6 16. Ng5 Bf5 17. Qf2 Kg7 18. Qh4 Qe7 (18... Rh8 $2 19. g4 Bd7 20. Ne6+
$18) 19. Rf3 $40) 14. e4 Bg4 ({Auch} 14... Be6 $5 {kommt in Betracht.}) 15. Nd2
({Neun Tage später versuchte Dreev gegen Onischuk} 15. Ne5 $5 Nxe5 16. Bxe5 Rc8
17. Qd2 Be6 18. Rac1 Qd7 19. h3 Rxc1 20. Rxc1 Rc8 21. Rxc8+ Qxc8 22. Qf4 Qd8
23. Bd6 Qg5 24. Qxg5 hxg5 25. e5 f5 $14 {, konnte jedoch seinen Minivorteil
nicht zum Gewinn umsetzen, Dreev,A-Onischuk,A/Cap d'Agde 2002}) 15... Rc8 16.
Qa4 Qf6 $1 $146 {Nigel demonstriert eine Verbesserung des vorherigen Spiels
von Schwarz. Der Bf4 wird abgetauscht, wonach die dunklen Felder im weißen
Lager zu schwächeln beginnen.} (16... Be6 17. Bg3 Na5 18. Rac1 Bd7 19. Qb4 Re8
20. f4 Nc6 21. Qb3 Na5 22. Qb4 Nc6 23. Qd6 Re6 24. Qd5 Ne7 25. Rxc8 Qxc8 26.
Qb3 $14 {Dreev,A-Pigusov,E/Moscow 2001}) 17. Bg3 Ne5 18. Bxe5 Qxe5 19. Nc4 $6 (
{In Frage kommt} 19. f4 Qc7 {/\Be2} 20. Kh1 $11) 19... Qf4 $1 {Dieser starke
Zug macht deutlich, wie schnell der weiße König in Gefahr geraten kann. Die
Opferidee Bf3 (h3), verbunden mit dem Turmschwenk auf der 6.Reihe hängt nun in
der Luft.} 20. Rfe1 (20. Nxb6 axb6 21. Qb4 Rc6 22. Qxd4 $2 Rd6 23. Qc3 Rc8 24.
Qb3 Be6 25. Qb5 Bh3 $1 $17 (25... Bd7)) (20. g3 $5 Qf6 21. f4) 20... Rfd8 21.
e5 Qg5 22. Nd6 Bf3 $15 23. g3 Rc7 24. h4 Qh5 ({Wahrscheinlich war} 24... Qg4 $1
{noch besser:} 25. Bf5 Qh5 $15 {/\Bc5}) 25. Qb3 Bc5 26. Ne4 Qg4 (26... Qxe5 $4
27. Nd2 Qf6 28. Nxf3 $18) 27. Kh2 Be7 28. Nd2 Bd5 29. Qd1 {Die weiße Dame eilt
ihrem König zur Hilfe, die Stellung ist ausgeglichen.} 1/2-1/2

[Event "FRA-chT Top 16 GpB"]
[Site "Port Barcares"]
[Date "2005.05.06"]
[Round "10"]
[White "Lautier, Joel"]
[Black "Sharif, Mershad"]
[Result "1-0"]
[WhiteElo "2678"]
[BlackElo "2463"]
[Annotator "Dautov,R"]
[PlyCount "65"]
[EventDate "2005.05.04"]
[EventType "team"]
[EventRounds "11"]
[EventCountry "FRA"]
[SourceTitle "CBM 107"]
[Source "ChessBase"]
[SourceDate "2005.08.01"]
[SourceVersion "1"]
[SourceVersionDate "2005.08.01"]
[SourceQuality "1"]

{[%mdl 32768]} 1. d4 e6 2. c4 d5 3. Nc3 Be7 4. Nf3 Nf6 5. Bf4 O-O 6. e3 b6 {
Eine seltene und wenig erforschte Fortsetzung.} 7. cxd5 Nxd5 8. Nxd5 Qxd5 9.
Bd3 Ba6 ({Interessant ist} 9... Qa5+ $5 {, es ist unklar, wie Weiß um Vorteil
kämpfen soll.} 10. Nd2 (10. Ke2 Ba6 $11) 10... Ba6 11. Bxa6 Qxa6 12. Qe2 c5 13.
Bxb8 Qxe2+ 14. Kxe2 Raxb8 15. dxc5 Bxc5 16. Rac1 Rfc8 $11 {Yakovich,Y-Gelfand,
B/Minsk 1986}) 10. O-O (10. Bxc7 $6 Qa5+ 11. Ke2 $2 (11. Kf1 Bxd3+ 12. Qxd3 Na6
13. Bg3 Nb4 $44) 11... Bxd3+ 12. Qxd3 Na6 13. Bg3 Nb4 14. Qb3 Rac8 $40 {
Legky,N-Tregubov,P/France 2002}) 10... c5 11. e4 (11. Bxa6 Nxa6 12. Qe2 Qb7 13.
Rfd1 Rfd8 14. e4 cxd4 15. Nxd4 Nc5 $11 {Zilberstein,V-Pigusov,E/Irkutsk 1983})
11... Qb7 12. d5 exd5 13. exd5 Nd7 $146 {Dieser logische Zug ist eine Neuerung.
Weiß steht dank seines starken Freibauern leicht besser.} (13... Bxd3 14. Qxd3
Na6 15. Rad1 Bf6 16. Ng5 (16. Be5 $5) (16. Rfe1 $5 Bxb2 17. Ng5 g6 18. d6 $44)
16... Bxg5 17. Bxg5 f6 18. Bf4 Rad8 19. a3 Nc7 20. Bxc7 Qxc7 21. d6 Qc6 22.
Rfe1 c4 23. Qd4 Rf7 24. h4 b5 $11 {Blees,A-Pigusov,E/Paris 1992}) 14. Re1 Rfe8
15. Bxa6 (15. Bf5 $5 $14) 15... Qxa6 16. d6 Bf6 17. Qd5 h6 {Hier und im
nächsten Zug konnte Schwarz auf b2 zugreifen, was ihm wohl zu gefährlich
erschien.} (17... Bxb2 $5 18. Re7 Rf8 19. Rb1 (19. Rae1 Nf6 20. Qb3 Qa3 $13)
19... Qa4 20. Bg5 Bf6 21. Rxf7 Rxf7 22. Qxa8+ Rf8 23. Qd5+ Kh8 24. Re1 $14) 18.
Re4 Rad8 (18... Bxb2 $5) 19. Rae1 Rxe4 20. Rxe4 Nf8 $2 {Diese Ungenauigkeit
überläßt Weiß eine angenehme Wahl zwischen zwei verlockenden Zügen. Richtig
war 20...Qc8, um die restlichen Türme zu tauschen.} (20... Qc8 $1 21. b3 Qa8
22. Qd3 Re8 23. Rxe8+ Qxe8 24. h3 $14) 21. Bxh6 $5 {[%mdl 512] Ein
verlockendes und vollkommen korrektes Opfer. In Frage kam auch das ruhige 21.
Ne5.} (21. Ne5 $5 Bxe5 22. Bxe5 $14) 21... gxh6 (21... Qb5 $5) 22. Rg4+ Bg7 23.
Ne5 Ne6 $2 {Es es nicht leicht, solche Stellungen zu verteidigen. Der Textzug
ist ein Fehler, aber er bleibt längst nicht der einzige.} (23... Rd7 $1 24.
Nxd7 Nxd7 25. Rf4 Bf6 (25... Qe2 26. Qxf7+ Kh8 27. g3 $40) 26. Qa8+ Kg7 27.
Rg4+ Bg5 28. h4 Qe2 29. Rg3 Qd1+ 30. Kh2 Qh5 31. Qe4 Nf6 $13) 24. Nxf7 $1 Qe2 (
24... Kxf7 25. Qf5+ Kg8 26. Qxe6+ Kh8 27. Rxg7 Kxg7 28. Qe7+ $18) 25. Nxh6+ $2
{Mit 25.Qe4! konnte Weiß unter günstigen Umständen die gegnerische Dame
gewinnen.} (25. Re4 $1 Qxe4 26. Qxe4 Kxf7 27. Qb7+ Kf6 28. Qe7+ Ke5 29. f4+ Kd5
30. d7 $16) 25... Kh7 26. Re4 (26. Qf5+ Kh8 27. Nf7+ Kg8 28. h3 Rf8 29. Nh6+
Kh8 30. Nf7+ Kg8 $11) 26... Rxd6 $1 27. Qf5+ Kh8 28. Nf7+ Kg8 29. h4 Qd1+ 30.
Kh2 Rd7 $4 {Das entscheidene Lapsus, nach dem korrekten 30...Nf8! bliebe der
Ausgang der Partie völlig offen.} (30... Nf8 $1 31. Nxd6 Qxd6+ 32. g3 Bxb2 $13)
31. Nh6+ $1 $18 Bxh6 32. Qxe6+ Kh7 33. Qf5+ 1-0

[Event "Bundesliga 0203"]
[Site "Germany"]
[Date "2003.02.08"]
[Round "10.3"]
[White "Ribli, Zoltan"]
[Black "Jussupow, Artur"]
[Result "1-0"]
[WhiteElo "2574"]
[BlackElo "2622"]
[Annotator "Dautov,R"]
[PlyCount "71"]
[EventDate "2002.10.19"]
[EventType "team-tourn"]
[EventRounds "15"]
[EventCountry "GER"]
[SourceTitle "CBM 094"]
[Source "ChessBase"]
[SourceDate "2003.05.26"]
[SourceVersion "1"]
[SourceVersionDate "2003.05.26"]
[SourceQuality "1"]
[WhiteTeam "Tegernsee"]
[BlackTeam "Solingen"]
[WhiteTeamCountry "GER"]
[BlackTeamCountry "GER"]

1. Nf3 d5 2. d4 Nf6 3. c4 e6 4. Nc3 Nbd7 5. Bf4 dxc4 6. e3 Nb6 7. Bxc4 Nxc4 8.
Qa4+ Bd7 9. Qxc4 Bd6 10. O-O O-O $146 {Mit dieser Neuerung verbessert Artur
sein Spiel gegen Bacrot.} ({Durchaus spielbar erscheint} 10... Bxf4 11. exf4
O-O 12. Ne5 c6 $11 {/\Nd5, f6}) (10... Bc6 $6 11. Ne5 Bxe5 12. Bxe5 Nd7 13. Bg3
Nb6 14. Qc5 Nd7 15. Qa5 b6 16. Qa3 $16 {Bacrot,E-Jussupow,A/Germany 2001}) 11.
Ne5 Nh5 12. Nxd7 Qxd7 13. Be5 $1 $14 {[%mdl 32] Dieser feine Zug hilft Weiß,
den schwarzen Springer abzuschneiden und einen kleinen Eröffnungsvorteil
festzuhalten.} (13. Bg3 Nxg3 14. hxg3 c6 $11) (13. Bxd6 cxd6 $11) 13... f5 $6 {
Schwarz hatte mehrere Verteidigungsmöglichkeiten, aber ich sehe nur eine, die
chancenreich erscheint.} (13... Bxe5 $6 14. dxe5 {/\g4} g6 15. Rfd1 Qe7 16. Nb5
$16) (13... f6 $2 14. Bxd6 cxd6 15. g4 $18) (13... a6 $6 14. Rac1 Rac8 (14...
f5 15. Na4 $14) 15. Ne4 f6 16. Bxd6 cxd6 17. Qe2 $16) ({Nach} 13... c6 $1 {
kann ich nicht sehen, wie Weiß seinen Druck verstärken kann. Schwarz möchte
seinen Springer nach Be7 zurück nach f6 führen.} 14. Ne4 (14. g4 Nf6 15. Bxf6
gxf6 16. Ne4 Be7 $11) (14. Qe2 g6 15. g4 (15. Bxd6 Qxd6 16. Ne4 Qd5 $11) (15.
Ne4 Bxe5 16. dxe5 Qd5 $11) 15... Ng7 16. Ne4 Be7 17. Nf6+ Bxf6 18. Bxf6 Ne8 19.
Be5 f6 20. Bg3 Nd6 $11) 14... Be7 15. Nc5 Qc8 16. Qb3 b6 17. Ne4 Qd7 {, und
Schwarz dürfte sich behaupten können.}) 14. Nb5 $1 Bxe5 $2 {Dieser Abtausch
verdeutlicht weißen Vorteil. Zäher war 14...Rfc8.} (14... Rfc8 15. Rac1 (15.
Qe2 g6 $14) 15... a6 16. Nc3 $14) 15. dxe5 c6 16. Nd6 $16 {Der Unterschied
zwischen den beiden Springern ist enorm. Während der weiße das Zentrum
beherrscht, muß der schwarze um sein Schicksal fürchten.} f4 (16... Nf6 $2 17.
Nxf5 $16) (16... g6 17. Rad1 Qe7 18. Rd4 $16) 17. g4 $1 fxg3 18. hxg3 Nf6 {
Endlich kann der schwarze Springer zurückkehren, muß aber bald erneut eine
passive Position einnehmen.} 19. Rad1 Nd5 20. e4 Nb6 21. Qb3 Qe7 22. Rd3 Kh8 (
22... Rad8 23. Rfd1 Rd7 24. a4 $16) 23. Rfd1 {Die Partie ist strategisch
entschieden, die schwarzen Steine sind durch den übermächtigen Nd6 zu sehr
gelähmt, um Widerstand zu leisten.} g5 $6 (23... Rab8 $142 $16) 24. R1d2 g4 25.
a4 Rab8 26. a5 Na8 27. Nc4 {/\Rd7} Rf7 28. Qd1 $1 $18 Qg5 29. Rd8+ Rf8 30. Rxb8
Rxb8 31. Rd7 h5 32. Nd6 Kg8 33. Nxb7 Rf8 34. Nd8 Qxe5 35. Nxc6 Qxe4 36. Qd2 1-0

[Event "FIDE World Cup final"]
[Site "Hyderabad"]
[Date "2002.10.16"]
[Round "1.4"]
[White "Dreev, Alexey"]
[Black "Short, Nigel D"]
[Result "1-0"]
[WhiteElo "2673"]
[BlackElo "2684"]
[Annotator "Dautov,R"]
[PlyCount "103"]
[EventDate "2002.10.15"]
[EventType "k.o."]
[EventRounds "3"]
[EventCountry "IND"]
[SourceTitle "CBM 092"]
[Source "ChessBase"]
[SourceDate "2003.02.06"]
[SourceVersion "1"]
[SourceVersionDate "2003.02.06"]
[SourceQuality "1"]

{[%mdl 32768]} 1. d4 Nf6 2. c4 e6 3. Nf3 d5 4. Nc3 Be7 5. Bf4 c5 6. dxc5 Na6 7.
e3 Nxc5 8. cxd5 Nxd5 ({Ein ähnlicher Spielverlauf ergibt sich nach} 8... exd5
9. Bb5+ Bd7 10. Bxd7+ Qxd7 11. Be5 O-O 12. O-O Rfd8 13. Qe2 Rac8 14. Rfd1 $14)
9. Nxd5 exd5 10. Bb5+ $1 {Mit dem Abtausch der Läufer erreicht Weiß eine
leicht vorteilhafte Isolani-Stellung. Der Sinn des Abtauschs besteht in der
Anfälligkeit des Isolani d5, der von Schwarz sonst sicher mit Bc8-e6 geschützt
würde.} Bd7 11. Bxd7+ Qxd7 12. O-O O-O 13. Qe2 (13. Be5 Rac8 14. Rc1 (14. Qd4
f6) 14... Rfd8 15. Qe2 Ne4 16. h3 f6 17. Bd4 Qa4 $1 18. b3 Qa5 $11 {Benko,
P-Nikolac,J/Bad Woerishofen 1992}) 13... Rfd8 (13... Bf6 $6 14. Be5 Bxe5 15.
Nxe5 Qc7 16. Nf3 Rac8 17. Rfd1 Rfd8 18. Nd4 $14 {Bielicki,C-Darga,K/Havana 1964
}) 14. Rfd1 Rac8 15. Be5 b5 $2 {Dieser Fehler wird von Dreev brilliant
ausgenutzt.} (15... Qf5 16. Bd4 a6 17. Rac1 Ne4 18. Ne1 Rxc1 19. Rxc1 Rc8 $14 {
King,D-Begovac,F/SUI 1997}) ({Richtig war} 15... Ne4 16. Rac1 Qa4 $132) 16. Bc3
$1 {[%csl Ra5] ><a5} Qb7 (16... Ne4 17. Ba5 Re8 18. Qd3 {><d5} Bf6 19. Qxd5
Qxd5 20. Rxd5 Bxb2 21. Rb1 Ba3 22. Rdxb5 Rc2 23. Rb8 $16) 17. Ba5 $1 Rd7 18.
Rac1 Bf6 19. Rc2 $16 {[%csl Rb5,Rd5][%cal Gc1c8] Während Schwarz mit der
Verteidigung seiner Schwächen volle Hände zu tun hat, übernimmt Weiß die
offene c-Linie.} Na4 $2 {Diesem Springer steht ein schweres Schicksal bevor.} (
19... Qa6 $142 20. Bb4 $16) 20. Rxc8+ Qxc8 21. b3 Nb2 22. Rf1 $1 {/\Nd4+-} Qa6
23. Bb4 Qxa2 24. Nd4 {/\Bc3} Rc7 25. Qxb5 Rc8 26. Qb7 Re8 27. Qc6 Rd8 28. Qc2
$1 {/\Bc3} Bxd4 29. exd4 Rb8 30. Qc7 $1 Re8 31. Qc6 Rd8 32. Be7 Rb8 33. Bd6 Rd8
34. Bc7 Rf8 35. Bd6 Rd8 36. Bc7 Rf8 37. Qxd5 h6 38. h4 Nd3 39. Bg3 $18 {
Als Folge seines beeindruckenden Spiels gewann Weiß einen Bauern. Sein
Freibauer d4 entscheidet die Partie.} Re8 40. Qb5 Qe2 41. Ra1 Qe4 42. d5 Ne1 $2
43. f3 Qd4+ 44. Kh2 Nxf3+ 45. gxf3 Qb2+ 46. Kh3 Re3 47. Re1 Rxe1 48. Bxe1 Qe5
49. Bg3 Qf5+ 50. Kg2 Qc2+ 51. Bf2 Qg6+ 52. Kh2 1-0

[Event "Bundesliga 9900"]
[Site "Germany"]
[Date "2000.02.19"]
[Round "10.1"]
[White "Dautov, Rustem"]
[Black "Nielsen, Peter Heine"]
[Result "1-0"]
[WhiteElo "2602"]
[BlackElo "2564"]
[Annotator "Dautov,R"]
[PlyCount "95"]
[EventDate "1999.10.09"]
[EventType "team-tourn"]
[EventRounds "15"]
[EventCountry "GER"]
[SourceTitle "CBM 074 Extra"]
[Source "ChessBase"]
[SourceDate "2000.03.10"]
[SourceVersion "2"]
[SourceVersionDate "2000.03.10"]
[SourceQuality "1"]
[WhiteTeam "Godesberg"]
[BlackTeam "Wattenscheid"]
[WhiteTeamCountry "GER"]
[BlackTeamCountry "GER"]

1. d4 Nf6 2. c4 e6 3. Nf3 d5 4. Nc3 Be7 5. Bf4 O-O 6. e3 c5 7. dxc5 Bxc5 8.
cxd5 {Diese Variante hat sich letzte Zeit als ein gutes Mittel gegen das
klassische Damengambit bewährt.} Nxd5 9. Nxd5 exd5 10. a3 Nc6 11. Bd3 Bb6 12.
O-O Bg4 ({Eine weitere kritische Stellung dieser Variante ergibt sich nach} 
12... d4 13. e4 Bg4 14. h3 Bh5 15. g4 Bg6) 13. h3 Bh5 14. b4 Re8 15. Rc1 d4 {
Diese Idee stammt von E.Geller, Schwarz ist bereit, einen Bauern für die
Initiative zu opfern.} (15... a5 16. g4 Bg6 17. Bxg6 hxg6 18. b5 Ne7 (18... Na7
19. Qd3 Qd7 20. Rfd1 Rad8 21. Bg5 f6 22. Qxg6 $1 Qe6 23. Bf4 Nxb5 24. Rb1 $16 {
Lputian,S-Geller,E/New York op/1990}) 19. Be5 Qd7 20. Bd4 Bxd4 21. Nxd4 Nc8 22.
Qc2 Re7 23. Qc5 Qd8 24. Rfd1 $14 {Tunik,G-Kharitonov,A/Elista 1995}) 16. g4 Bg6
17. Bxg6 hxg6 18. b5 dxe3 $2 {Diese zweifelhafte Abwicklung wird durch die
aktuelle Partie endgültig widerlegt. Die kritische Stellung könnte nach 18...
Ne7 entstehen.} (18... Ne7 19. Nxd4 Nd5 20. Ne2 $2 ({In Frage kommt} 20. Qf3 $5
) 20... g5 21. Bg3 Nxe3 $1 22. Qxd8 Raxd8 23. Rfe1 Nd5 $11 {Dreev,A-Geller,E/
Helsinki 1992}) 19. bxc6 e2 20. Qxd8 exf1=Q+ 21. Kxf1 Raxd8 22. cxb7 {Der
starke Freibauer b7 sichert Weiß mindestens den Ausgleich, weswegen Schwarz
diese Variante bisher gemieden hat.} a6 $146 {Ein neuer Versuch. Nielsen
spulte alle Züge innerhalb von 10 Minuten herunter.} (22... f6 $2 23. Rb1 $1 {
/\a4-a5} g5 24. Bg3 Rd7 (24... Rb8 25. Bxb8 Rxb8 26. a4 Kf7 27. Rb5 $18) 25.
b8=Q Rxb8 26. Bxb8 $18 {Lima,D-Milos,G/Sao Paulo 1993}) 23. Nd2 $1 $18 {
/\Nc4 Ein starker Zug für den ich Dreiviertelstunde investierte. Der Springer
strebt nach a5 oder d6. Die Hauptalternative bestand in 23.Ne5.} (23. Ne5 Rb8
24. Nc4 Rxb7 25. Nd6 Rbe7 (25... Ree7 $2 26. Nxb7 Rxb7 27. Rb1 $18) (25... Bc7
$2 26. Rxc7 Rxc7 27. Nxe8 Rc3 28. Bd6 $18) 26. Nxe8 Rxe8 27. Rc6 Re6 28. Rxe6
fxe6 29. Ke2 Kf7 30. Be5 $14 {Ich konnte nicht einschätzen, wie groß hier die
weißen Gewinnchancen sind und wählte deswegen den Textzug.}) 23... g5 {An
diesem Zug überlegte mein Gegner etwas länger, genau gesagt 1 Stunde und 30
Minuten.} (23... Ba7 24. Nb3 (24. Nc4) 24... Bb8 (24... Kh7 25. Na5 Rd7 26. Rc8
Ree7 27. b8=Q Bxb8 28. Rxb8 $18) 25. Bxb8 Rxb8 26. Na5 Kf8 27. Rc7 Re6 28. f4
f6 29. Kf2 $22 $18) 24. Nc4 Ba7 25. Bg3 Rd5 $2 {Die schwarze Stellung ist
bereits verloren. Den hartnäckigsten Widerstand könnte man durch die Abgabe
des Ba7 gegn den weißen Pb7 leisten.} (25... Bb8 26. Bxb8 Rxb8 27. Na5 (27. Nd6
$2 Red8 28. Rc8 Kf8 $17 29. Rxd8+ Rxd8 30. Nc8 Rd1+ 31. Kg2 Rb1 $19) 27... Kf8
28. Rc7 Re6 29. Kg2 g6 30. Kg3 f5 31. gxf5 gxf5 32. Kf3 $22 $18) (25... Rd7
$142 $1 26. Na5 Ree7 27. Rc8+ Kh7 28. b8=Q Bxb8 29. Rxb8 $18) 26. Nb6 $1 Bxb6 (
26... Rd3 27. Rc8 Red8 28. Bc7 Rf8 29. Ra8 $18) 27. Rc8 Rdd8 28. b8=Q Rxc8 29.
Qxb6 Re6 30. Qa5 Rg6 31. a4 Rcc6 32. Qd8+ Kh7 33. Qe8 Rgf6 34. Qe5 Rg6 35. a5
Rce6 36. Qf5 Kg8 37. Bc7 Rc6 38. Qd7 Rgf6 39. Bb6 Kh7 40. Qd3+ Kg8 41. Qxa6
Rfe6 42. Kg2 f6 43. Qb5 Kh8 44. Be3 Kg8 45. Kg3 Kh8 46. h4 gxh4+ 47. Kxh4 Kg8
48. Bc5 1-0